000 00386cam a2200169 4500
001 D12306
008 090401t1912 xxu||||| |||| 00| 0 eng d
035 _a(Sirsi) u94103
041 _aeng
100 _aBurnham, M. Howard
245 _aModern mine valuation
260 _aLondon
_bCharles Griffin
_c1912
350 _a0
520 _aShelf 177
942 _n0
948 _c04/03/1997
999 _c97906
_d97906